Sports Quiz

Random Sports or Football Quiz

Brazilian players with over 50 caps Quiz Stats

 Plays Quiz not verified by Sporcle

Challenge
Share
Tweet
Score 0/57 Timer 10:00
1 Play Today
% Correct
Ronaldinho
97.5%
Cafu
96.3%
Roberto Carlos
96.3%
Ronaldo
96.3%
Pelé
96.3%
Kaká
96.3%
Neymar
96.3%
David Luiz
93.8%
Robinho
92.6%
Júlio César
92.6%
Rivaldo
92.6%
Dani Alves
91.4%
Sócrates
91.4%
Romário
90.1%
Oscar
90.1%
Thiago Silva
90.1%
Dida
88.9%
Maicon
85.2%
Cláudio Taffarel
84%
Gilberto Silva
80.2%
Lúcio
79%
Dunga
79%
Emerson
75.3%
Ramires
75.3%
Bebeto
72.8%
Juninho
72.8%
Zico
71.6%
Marcelo
71.4%
Elano
65.4%
% Correct
Zé Roberto
63%
Juan
61.7%
Leonardo
61.7%
Denílson
58%
Carlos Alberto
55.6%
Garrincha
50.6%
Jairzinho
48.1%
Aldair
42%
Djalma Santos
38.3%
Raí
38.3%
Branco
37%
Tostão
33.3%
Rivellino
30.9%
Didi
29.6%
Edu
28.4%
Careca
25.9%
Jorginho
25.9%
Gilmar
17.3%
Émerson Leão
14.8%
Nílton Santos
14.8%
Éder
14.8%
Gérson
12.3%
Toninho Cerezo
12.3%
Zito
12.3%
Júnior
11.1%
Müller
11.1%
Hilderaldo Bellini
11.1%
Zizinho
9.9%

You're not logged in!

Compare scores with friends on all Sporcle quizzes.
OR
Log In

You Might Also Like...

Show Comments

Extras

Top Quizzes Today


Score Distribution

Your Account Isn't Verified!

In order to create a playlist on Sporcle, you need to verify the email address you used during registration. Go to your Sporcle Settings to finish the process.

Report this User

Report this user for behavior that violates our Community Guidelines.

Details: